| 000 | 00319nam a2200121Ia 4500 | ||
|---|---|---|---|
| 008 | 190216s9999||||xx |||||||||||||| ||und|| | ||
| 100 | _aRao C N R &agarwal | ||
| 245 | 0 | _aExperiments In General Chemistry | |
| 260 |
_bAffiliated East West Press _c1966 |
||
| 300 | _a225p | ||
| 650 | _aChemistry-Chemistry | ||
| 942 | _cBK | ||
| 999 |
_c2043 _d2043 |
||